00385nam a2200121Ia 4500008004100000100002200041245003600063245002200099260000900121856004100130999001900171952007300190160531s9999 xx 000 0 und d a Birkar, Caucher. aLectures on Birational Geometry cby Caucher Birkar c2012 uhttp://arxiv.org/pdf/1210.2670v1.pdf c295120d295120 001040aCLbCLd2016-05-31l0r2016-05-31 00:00:00w2016-05-31yCBE